Report: Joint Committee to Enquire into Bofors Contract (Eighth Lok Sabha) (Record no. 483179)

000 -LEADER
fixed length control field 00536cam a22001457a 4500
008 - FIXED-LENGTH DATA ELEMENTS--GENERAL INFORMATION
fixed length control field 180718b1988 xxu||||| |||| 00| 0 eng d
082 ## - DEWEY DECIMAL CLASSIFICATION NUMBER
Classification number N1207x54 In2r
100 ## - MAIN ENTRY--PERSONAL NAME
Personal name India. Joint Committee to Enquire into Bofors Contract
245 ## - TITLE STATEMENT
Title Report: Joint Committee to Enquire into Bofors Contract (Eighth Lok Sabha)
Statement of responsibility, etc. by Lok Sabha Secretariat
260 ## - PUBLICATION, DISTRIBUTION, ETC.
Place of publication, distribution, etc. New Delhi
Name of publisher, distributor, etc. Lok Sabha Secretariat
Date of publication, distribution, etc. 1988
300 ## - PHYSICAL DESCRIPTION
Extent 238+p.
500 ## - GENERAL NOTE
General note Chairman: B. Shankaranand
700 ## - ADDED ENTRY--PERSONAL NAME
Personal name India. Lok Sabha Secretariat
700 ## - ADDED ENTRY--PERSONAL NAME
Personal name Shankaranana, B. (Chairman)
Holdings
Withdrawn status Lost status Damaged status Not for loan Permanent Location Current Location Date acquired Full call number Barcode Date last seen Price effective from Koha item type
        Indian Institute of Public Administration Indian Institute of Public Administration 2018-08-04 N1207x54 In2r GG20730 2018-08-04 2018-08-04 GG

Powered by Koha